[Event "Wattens op 08th"]
[Site "Wattens"]
[Date "1993.??.??"]
[Round "?"]
[White "Fuchs, Georg"]
[Black "Martynova, Irina"]
[Result "0-1"]
[WhiteElo "1965"]
[BlackElo "2200"]
[PlyCount "80"]
[EventDate "1993.??.??"]
[EventType "swiss"]
[EventRounds "9"]
[EventCountry "AUT"]
[SourceTitle "EXT 2000"]
[Source "ChessBase"]
[SourceDate "1999.11.16"]
[SourceVersion "1"]
[SourceVersionDate "1999.11.16"]
[SourceQuality "1"]

1. e4 c6 2. d4 d5 3. Nc3 dxe4 4. Nxe4 Nd7 5. Nf3 Ngf6 6. Ng3 Qc7 7. Bc4 e6 8. 0-0 Bd6 9. Re1 0-0 10. Ne4 Nxe4 11. Rxe4 Nf6 12. Re1 b6 13. Bg5 Nd5 14. Bd3 Bb7 15. c4 Nf4 16. Be4 h6 17. Bh4 c5 18. Bg3 Rad8 19. dxc5 Bxc5 20. Qc1 Bd6 21. Nd4 Bxe4 22. Rxe4 Qb7 23. Rxf4 Bxf4 24. Qxf4 Qd7 25. Rd1 e5 26. Qxe5 Rfe8 27. Qd5 Qe7 28. Nf3 Rxd5 29. cxd5 Qe2 30. Rf1 Qxb2 31. h3 Qxa2 32. d6 Qd5 33. Rc1 Rd8 34. Rc7 a5 35. Ne5 Qxd6 36. Nxf7 Qxc7 37. Bxc7 Rd1+ 38. Kh2 Kxf7 39. Bxb6 a4 40. Bc5 Rd3 0-1

[Event "Wattens op 08th"]
[Site "Wattens"]
[Date "1993.??.??"]
[Round "?"]
[White "Martynova, Irina"]
[Black "Berchtold, Clemens"]
[Result "1/2-1/2"]
[WhiteElo "2200"]
[BlackElo "1965"]
[PlyCount "50"]
[EventDate "1993.??.??"]
[EventType "swiss"]
[EventRounds "9"]
[EventCountry "AUT"]
[SourceTitle "EXT 2000"]
[Source "ChessBase"]
[SourceDate "1999.11.16"]
[SourceVersion "1"]
[SourceVersionDate "1999.11.16"]
[SourceQuality "1"]

1. c4 c5 2. g3 Nc6 3. Bg2 g6 4. Nf3 Bg7 5. 0-0 e5 6. d3 Nge7 7. Nc3 0-0 8. Nh4 d6 9. f4 f5 10. Nd5 Be6 11. fxe5 dxe5 12. Bg5 Qd7 13. e4 Nc8 14. Qd2 Nd6 15. b3 Rf7 16. Bh6 Bxh6 17. Qxh6 Raf8 18. Nf3 fxe4 19. Ng5 Rxf1+ 20. Rxf1 Nf5 21. Qh3 exd3 22. Nc7 Qd4+ 23. Kh1 Nxg3+ 24. Qxg3 Rxf1+ 25. Bxf1 Bf5 1/2-1/2